zpět

Detail výsledku týmu

The PUB Praha 6 , Praha

Datum a čas kvízu

17.5 Celkem bodů Celkový počet nahraných bodů na tomto kvízu bez doplňovacích otázek.
8. Pořadí na kvízu Konečné umístění týmu na tomto kvízu.

Zaznamenané odpovědi

# Otázka Odpověď Body Výsledky
1. Doufáme, že jste ve čtvrtek ne... Speed Marathon 0
2. Obchod se suvenýry v rezidenci... C 0
3. Který český „mistr basů“ oslav... Karel Vágner 0
4. Jeden český státní podnik, kte... České dráhy 1
5. Rakouský 22letý skokan na lyží... Skákal téměř nahý (pouze v plavkách typu „Borat“). 0
6. Budeme se zabývat pěti filmy,... Elijah Wood, Pán prstenů: Dvě věže 1
7. Film Mr. & Mrs. Smith, něk... B) John a Jane 0
8. Romantické drama Paní Bovaryov... Gustave Flaubert 0
9. Děj bláznivé sci-fi komedie Za... Oldřich Lipský, Petr Čepek 0
10. V roce 2009 vznikl animovaný f... Lišák 0